| 000 | 00936nam a2200229 i 4500 | ||
|---|---|---|---|
| 001 | 183514 | ||
| 003 | ES-MaACL | ||
| 005 | 20250627063702.0 | ||
| 008 | 140710s2013 sp a | |||||||| |bspa d | ||
| 020 | _a978-84-940924-6-6 | ||
| 080 | _a821.112.2 Celan, Paul 1.07 | ||
| 100 | 1 |
_aSantiago Sánchez, José Antonio, _d1976- _9154927 |
|
| 245 | 1 | 3 |
_aLa poesía en Paul Celan : _buna experiencia de la distancia / _cJosé Antonio Santiago Sánchez. |
| 260 |
_aMadrid : _bManuscritos, _cD.L. 2013. |
||
| 300 |
_a204 p. : _bil. ; _c22 cm. |
||
| 500 | _aBasado en la tesis del autor. | ||
| 504 | _aBibliografía: p. 199-204. | ||
| 600 | 1 | 7 |
_aCelan, Paul- _xCrítica e interpretación. _937343 |
| 852 | 1 |
_aBA _jN-6126 _zDedicatoria autógrafa del autor _9190455 _bR.149914 _cDEPO1 _dOlim: N-6126 _hDonación: José Antonio Santiago Sánchez _gDedicatoria autógrafa del autor |
|
| 942 |
_2udc _cMONOGRAFIA |
||
| 999 |
_c183514 _d183514 |
||